00931nam a22002297a 4500003000900000008004100009020001800050040007100068082001900139100002000158245009500178260004500273300004700318440002900365505016300394650002500557650003400582650002100616700002100637700002100658700002200679AR-CdUCM190402b ||||| |||| 00| 0 spa d a84-8387-050-9 aMUNICIPALIDAD PROVINCIAL DEL CUSCOcBIBLIOTECA MUNICIPAL DEL CUSCO a985.019 /bH96 aHurtado, Isabel a¿Éxodo o redistribución? :bTendencias demográficas en la región inka 1961-1993 / aPeru :bBartolomé de las Casas,c1993. a148 páginas ;bMapas, fotografiasc26 cm aDocumentos regionalesn5 aContenido: Tendencias demográficas en el Perú -- Disminuye el ritmo anual de crecimiento -- Continua la migración de la sierra hacia la costa y selva... aGeografia cusqueña aMapas y coordenadas del Cusco aPoblación Inka aMagallanes, Juan aPuerta, Mauricio aMesclier, Evelyne